| 000 | 00335nam a22001457a 4500 | ||
|---|---|---|---|
| 020 | _a0-7195-8062-5 | ||
| 082 |
_a540 _bRIL/C |
||
| 100 | _aRILEY, PETER D | ||
| 245 | _aCHEMISTRY NOW | ||
| 250 | _aSECOND EDITION | ||
| 260 |
_aUNITED KINGDOM _bJOHN MURRAY _c2004 |
||
| 300 | _a206 | ||
| 650 |
_aCHEMISTRY REFERENCE _zINDIA |
||
| 942 | _cBK | ||
| 999 |
_c1496 _d1496 |
||